=LDR 00000nam 2200000 4500 =001 INLIS000000000000913 =005 20200907091850 =035 ##$$a 0010-061300000000913 =008 200907################g##########0#ind## =041 ##$$a Ind =082 ##$$a 303.4 =090 ##$$a 303.4, Att-m =100 ##$$a Attali, Jacques =245 1#$$a Milenium ketiga : $b Yang menang, yang kalah dalam tata dunia mendatang /$c Jacques Attali; alih bahasa Emmy Nor Hariati =260 ##$$a Yogyakarta :$b Pustaka pelajar,$c 1997 =300 ##$$a xi, 126 hlm ; $c 12 x 19'5 cm =650 #4$$a Sosial Perubahan =850 ##$$a NBPNMAT =020 ##$$a 979-9075-15-7 =084 ##$$a 303.4 ATT m =250 ##$$a Cet. 1 =504 ##$$a Judul asli : Millenium winners and losers in the coming world order =990 ##$$a DW99002831 =990 ##$$a DW99002832 =990 ##$$a 135. 932/Pro 98